European property (Record no. 109359)

MARC details
000 -LEADER
fixed length control field 00965cad a22002415a 4500
001 - CONTROL NUMBER
control field E146932
008 - FIXED-LENGTH DATA ELEMENTS--GENERAL INFORMATION
fixed length control field 090316s2009 xxkdo f 000 0 eng d
035 ## - SYSTEM CONTROL NUMBER
System control number (Sirsi) u146932
041 0# - LANGUAGE CODE
Language code of text/sound track or separate title eng
050 04 - LIBRARY OF CONGRESS CALL NUMBER
Classification number 333.33 $2 18
100 1# - MAIN ENTRY--PERSONAL NAME
Personal name Axford, Nick
245 00 - TITLE STATEMENT
Title European property
Remainder of title back to basics?
Medium [electronic resource]
260 ## - PUBLICATION, DISTRIBUTION, ETC.
Place of publication, distribution, etc. [London]
Name of publisher, distributor, etc. CB Richard Ellis
Date of publication, distribution, etc. 2009
490 #0 - SERIES STATEMENT
Series statement CB Richard Ellis EMEA ViewPoint
Volume/sequential designation March 2009
520 ## - SUMMARY, ETC.
Summary, etc. Looks at the impact of the current economic downturn on the European commercial property market, and suggests that although the market will eventually recover, it will return to a traditional investment model. Charts and tables.
521 ## - TARGET AUDIENCE NOTE
Target audience note Advanced
590 ## - LOCAL NOTE (RLIN)
Local note KA
651 #4 - SUBJECT ADDED ENTRY--GEOGRAPHIC NAME
Geographic name Europe
690 ## - LOCAL SUBJECT ADDED ENTRY--TOPICAL TERM (OCLC, RLIN)
Topical term or geographic name as entry element PROPERTY-COMMERCIAL PROPERTY-COMMERCIAL PROPERTY MARKET
700 1# - ADDED ENTRY--PERSONAL NAME
Personal name Haddock, Michael
856 40 - ELECTRONIC LOCATION AND ACCESS
Uniform Resource Identifier <a href="https://www.cbre.co.uk/uk_en/research">https://www.cbre.co.uk/uk_en/research</a>
Public note View the report free of charge at www.cbre.co.uk...
942 ## - ADDED ENTRY ELEMENTS (KOHA)
Suppress in OPAC 0
Holdings
Withdrawn status Lost status Source of classification or shelving scheme Damaged status Not for loan Home library Current library Shelving location Date acquired Total Checkouts Full call number Barcode Date last seen Copy number Price effective from Koha item type
    Dewey Decimal Classification     Virtual Virtual Online 16/03/2009   ONLINE PUBLICATION 146932-2001 06/08/2019 1 06/08/2019 Book